আন্তোনিও গ্রামসি : (Record no. 248240)
[ view plain ]
| 000 -LEADER | |
|---|---|
| fixed length control field | 01147nam a22002297a 4500 |
| 003 - CONTROL NUMBER IDENTIFIER | |
| control field | BD-DhUL |
| 005 - DATE AND TIME OF LATEST TRANSACTION | |
| control field | 20210920153339.0 |
| 008 - FIXED-LENGTH DATA ELEMENTS--GENERAL INFORMATION | |
| fixed length control field | 170530s2011 bg |||| |||b 001 0 ben |
| 020 ## - INTERNATIONAL STANDARD BOOK NUMBER | |
| International Standard Book Number | 9789840414116 (hbk) |
| 040 ## - CATALOGING SOURCE | |
| Original cataloging agency | BD-DhUL |
| Transcribing agency | BD-DhUL |
| 082 ## - DEWEY DECIMAL CLASSIFICATION NUMBER | |
| Classification number | 320.092 |
| Item number | ANT |
| 245 10 - TITLE STATEMENT | |
| Title | আন্তোনিও গ্রামসি : |
| Remainder of title | জীবন সংগ্রাম ও তত্ত্ব / |
| Statement of responsibility, etc. | সম্পাদনা খন্দকার সাখাওয়াত আলী । |
| 250 ## - EDITION STATEMENT | |
| Edition statement | আগামী ১ম বর্ধিত সংস্ক. |
| 260 ## - PUBLICATION, DISTRIBUTION, ETC. (IMPRINT) | |
| Place of publication, distribution, etc. | ঢাকা : |
| Name of publisher, distributor, etc. | আগামী, |
| Date of publication, distribution, etc. | ২০১১ । |
| 300 ## - PHYSICAL DESCRIPTION | |
| Extent | ৩৮৪ পৃ. ; |
| Dimensions | ২৩ সেমি. |
| 365 ## - TRADE PRICE | |
| Price type code | BDT |
| Price amount | 600.00 |
| 504 ## - BIBLIOGRAPHY, ETC. NOTE | |
| Bibliography, etc | গ্রন্থপঞ্জি: পৃ. ৩৬৭-৩৭৩ । গ্রন্থপঞ্জিগত তথ্য ও নির্ঘণ্ট সংবলিত । |
| 600 4# - SUBJECT ADDED ENTRY--PERSONAL NAME | |
| Personal name | গ্রামসি, আন্তোনিও |
| General subdivision | জীবনী । |
| 600 4# - SUBJECT ADDED ENTRY--PERSONAL NAME | |
| Personal name | Gramaci, Antonio |
| General subdivision | Biography. |
| 700 1# - ADDED ENTRY--PERSONAL NAME | |
| Personal name | আলী, খন্দকার সাখাওয়াত |
| Relator term | সম্পা. |
| 942 ## - ADDED ENTRY ELEMENTS (KOHA) | |
| Source of classification or shelving scheme | |
| Koha item type | Books |
| Price effective from | Date last seen | Permanent Location | Not for loan | Date acquired | Source of classification or shelving scheme | Koha item type | Lost status | Withdrawn status | Copy number | Source of acquisition | Collection code | Damaged status | Shelving location | Barcode | Current Location | Full call number |
|---|---|---|---|---|---|---|---|---|---|---|---|---|---|---|---|---|
| 2019-05-20 | 2019-05-20 | Dhaka University Library | 2019-05-08 | Books | 1 | Purchased | Non Fiction | General Stacks | 507933 | Dhaka University Library | 320.092 ANT | |||||
| 2019-05-20 | 2019-05-20 | Dhaka University Library | 2019-05-08 | Books | 2 | Purchased | Non Fiction | General Stacks | 507934 | Dhaka University Library | 320.092 ANT | |||||
| 2021-08-12 | Dhaka University Library | 2021-06-09 | Books | 3 | Purchased | Non Fiction | General Stacks | 519946 | Dhaka University Library | 320.092 ANT | ||||||
| 2021-08-12 | Dhaka University Library | 2021-06-09 | Books | 4 | Purchased | Non Fiction | General Stacks | 519947 | Dhaka University Library | 320.092 ANT |
